Foreigners in Spain by Country of Birth - Statistics

General Stats
  • This quiz has been taken 846 times
  • The average score is 18 of 24
Answer Stats
Hint Answer % Correct
390,880 United Kingdom
97%
122,385 France
96%
140,706 Portugal
95%
187,847 Italy
92%
195,842 Germany
91%
769,920 Morocco
91%
120,012 Argentina
87%
60,538 Algeria
83%
271,773 Colombia
82%
166,223 China
81%
59,453 Venezuela
81%
131,886 Peru
79%
106,908 Brazil
76%
359,076 Ecuador
74%
798,104 Romania
72%
85,862 Poland
70%
197,895 Bolivia
69%
87,406 Paraguay
63%
54,424 Netherlands
61%
172,634 Bulgaria
54%
85,913 Ukraine
54%
69,841 Pakistan
45%
90,612 Dominican Republic
40%
63,248 Senegal
32%
No matching quizzes found
Score Distribution
Percent of People with Each Score
Percentile by Number Answered
Your Score History
You have not taken this quiz